[Event "IX Festival Piemonte Scacchi"]
[Site "Torino ITA"]
[Date "2009.09.20"]
[Round "5"]
[White "Boetto, Massimo"]
[Black "Araniti, Michelangelo"]
[Result "1-0"]
[WhiteElo "2015"]
[BlackElo "1792"]
[PlyCount "71"]
[EventDate "2009.09.18"]

1. e4 e6 2. d4 d5 3. Nc3 Nf6 4. e5 Nfd7 5. f4 c5 6. Nf3 Nc6 7. Be3 cxd4 8. Nxd4
Bb4 9. Ndb5 a6 10. a3 Be7 11. Nd4 g6 12. Be2 Nxd4 13. Bxd4 Bc5 14. Bxc5 Nxc5
15. Qd4 Qc7 16. O-O Nd7 17. Nxd5 exd5 18. e6 O-O 19. exd7 Bxd7 20. Bd3 Bc6 21.
f5 Rfe8 22. f6 Qe5 23. Qh4 Qe3+ 24. Kh1 Re4 25. Bxe4 dxe4 26. Rae1 Qd2 27. Rd1
Qe3 28. Rfe1 Qc5 29. Qh6 Qf8 30. Qxf8+ Kxf8 31. Rd6 Re8 32. Red1 h5 33. Rd8 g5
34. Kg1 g4 35. g3 Bb5 36. Kf2 1-0

[Event "IX Festival Piemonte Scacchi"]
[Site "Torino ITA"]
[Date "2009.09.20"]
[Round "5"]
[White "Canale, Claudio"]
[Black "Pettorusso, Aldo"]
[Result "1-0"]
[WhiteElo "1476"]
[BlackElo "1625"]
[PlyCount "93"]
[EventDate "2009.09.18"]

1. d4 d5 2. Bf4 Nf6 3. h3 c5 4. c3 e6 5. Nd2 Nc6 6. e3 a6 7. Bd3 Bd6 8. Ne2
cxd4 9. cxd4 O-O 10. O-O e5 11. dxe5 Nxe5 12. Bc2 Re8 13. Nb3 Ng6 14. Bxd6 Qxd6
15. Nbd4 Ne4 16. Rc1 Nh4 17. Nf4 Bd7 18. Bb3 Be6 19. Ndxe6 fxe6 20. Qg4 Nf5 21.
Rfd1 Nf6 22. Qe2 Qe5 23. Nd3 Qe4 24. Nc5 Qb4 25. g4 Nd6 26. a3 Qb6 27. Na4 Qxb3
28. Qc2 Qxc2 29. Rxc2 Nc4 30. Nc5 b6 31. Nd3 Rac8 32. Rdc1 Rcd8 33. Nb4 b5 34.
Nxa6 d4 35. exd4 Rxd4 36. Nc7 Rb8 37. Nxe6 Rd6 38. Nc5 Ne5 39. Nb3 Rd3 40. Rc3
Ne4 41. Rxd3 Nxd3 42. Rc2 Rf8 43. Nd4 Nexf2 44. Kh2 Ne1 45. Re2 Nf3+ 46. Nxf3
Rxf3 47. Kg2 1-0

[Event "IX Festival Piemonte Scacchi"]
[Site "Torino ITA"]
[Date "2009.09.20"]
[Round "5"]
[White "Castaldo, Folco"]
[Black "Cocuzzi, Edoardo"]
[Result "1-0"]
[WhiteElo "2401"]
[BlackElo "1967"]
[PlyCount "123"]
[EventDate "2009.09.18"]

1. d4 d5 2. c4 e6 3. Nc3 Nf6 4. Nf3 c6 5. e3 Bd6 6. Qc2 h6 7. b3 Nbd7 8. Be2
dxc4 9. bxc4 O-O 10. O-O e5 11. Rd1 exd4 12. exd4 Re8 13. Rb1 b6 14. Bf1 Bb7
15. a4 Qc8 16. h3 Qc7 17. Qb3 Rab8 18. Qc2 Re7 19. Nh4 Ree8 20. Nf5 Bf8 21. g3
Rbd8 22. Bf4 Qc8 23. Re1 Nb8 24. Be5 Nbd7 25. Nd6 Bxd6 26. Bxd6 Rxe1 27. Rxe1
Re8 28. Rxe8+ Qxe8 29. Qe2 Qxe2 30. Bxe2 Ne8 31. Bf4 g5 32. Bc1 Nd6 33. f4 f6
34. Bg4 Nf8 35. c5 bxc5 36. dxc5 Ne8 37. Ne4 Ba6 38. Bh5 Bd3 39. Nxg5 hxg5 40.
Bxe8 gxf4 41. Bxf4 Ne6 42. Bxc6 Nxc5 43. Be3 Ne4 44. Kg2 a6 45. Kf3 Nd6 46. Bd4
Kg7 47. Bd5 Kg6 48. Kf4 Bf1 49. Be6 f5 50. Be5 Nc4 51. Bxf5+ Kf7 52. Bc3 Nd6
53. Bg4 Bd3 54. h4 Bc2 55. a5 Ne4 56. Bb4 Nf2 57. Bh5+ Ke6 58. Ke3 Bd1 59. Bg6
Kf6 60. Bb1 Ng4+ 61. Kf4 Nh6 62. Bd3 1-0

[Event "IX Festival Piemonte Scacchi"]
[Site "Torino ITA"]
[Date "2009.09.20"]
[Round "5"]
[White "Chiarion, Elisa"]
[Black "Sorcinelli, Francesco"]
[Result "0-1"]
[WhiteElo "1928"]
[BlackElo "2187"]
[PlyCount "52"]
[EventDate "2009.09.18"]

1. e4 c5 2. Nf3 d6 3. d4 cxd4 4. Nxd4 Nf6 5. Nc3 g6 6. Be3 Bg7 7. f3 O-O 8. Bc4
Nc6 9. Qd2 Bd7 10. O-O-O b5 11. Bb3 a5 12. h4 a4 13. Bd5 Nxd5 14. Nxd5 Ne5 15.
Bg5 f6 16. h5 fxg5 17. Qxg5 e6 18. Ne7+ Kf7 19. f4 Qxe7 20. Qxe7+ Kxe7 21. fxe5
Bxe5 22. hxg6 hxg6 23. Nf3 Rf7 24. Nxe5 dxe5 25. Rh6 Bc6 26. Re1 Raf8 0-1

[Event "IX Festival Piemonte Scacchi"]
[Site "Torino ITA"]
[Date "2009.09.20"]
[Round "5"]
[White "Di Chiara, Mauro"]
[Black "Nigrelli, Vittorio"]
[Result "1-0"]
[WhiteElo "1862"]
[BlackElo "1473"]
[PlyCount "88"]
[EventDate "2009.09.18"]

1. Nf3 Nf6 2. c4 g6 3. Nc3 Bg7 4. d4 O-O 5. e4 d6 6. Be2 e5 7. d5 a5 8. Bg5 Na6
9. Nd2 Nc5 10. O-O Qe8 11. Nb5 Qd8 12. Qc2 h6 13. Be3 Nh7 14. b3 f5 15. f3 f4
16. Bxc5 dxc5 17. a3 Bf6 18. Rfd1 Bh4 19. b4 axb4 20. axb4 Rxa1 21. Rxa1 c6 22.
bxc5 cxb5 23. cxb5 Bd7 24. Bc4 Be6 25. Nb3 Bf7 26. d6 Nf6 27. Rd1 Nd7 28. Bd5
Bxd5 29. exd5 Rf5 30. c6 bxc6 31. dxc6 Qb6+ 32. Kh1 Qxb5 33. cxd7 Qxd7 34. Nc5
Qc6 35. d7 Bd8 36. Qb3+ Kh7 37. Ne6 Qa8 38. Nxd8 Qxd8 39. Qe6 Rf8 40. Rd6 Rg8
41. Qxe5 Qc7 42. Re6 Qc1+ 43. Qe1 Qc7 44. Re7+ Kh8 1-0

[Event "IX Festival Piemonte Scacchi"]
[Site "Torino ITA"]
[Date "2009.09.20"]
[Round "5"]
[White "Egli, Urs"]
[Black "Dvirnyy, Danyyil"]
[Result "0-1"]
[WhiteElo "2045"]
[BlackElo "2447"]
[PlyCount "84"]
[EventDate "2009.09.18"]

1. e4 c5 2. Nf3 d6 3. d4 cxd4 4. Nxd4 Nf6 5. Nc3 g6 6. Bc4 Bg7 7. Bb3 O-O 8. f3
Nc6 9. Be3 Bd7 10. Qd2 Nxd4 11. Bxd4 b5 12. Nd5 Nxd5 13. Bxg7 Kxg7 14. Bxd5 Rc8
15. O-O-O a5 16. a3 b4 17. axb4 axb4 18. Qxb4 Rb8 19. Qc3+ Kg8 20. Rd3 Bb5 21.
Re3 Qb6 22. Rd1 e6 23. Bb3 Ra8 24. Kb1 Ra7 25. Qd4 Rfa8 26. c4 Qc7 27. Qxd6 Qc8
28. Red3 Ra1+ 29. Kc2 Rxd1 30. Kxd1 Bxc4 31. Bxc4 Qxc4 32. Kd2 Qb5 33. Qd4 Qg5+
34. Kc3 Qxg2 35. Qe5 Qe2 36. Qc7 Re8 37. b4 Qe1+ 38. Kc4 Qc1+ 39. Rc3 Qb2 40.
Rd3 Qc2+ 41. Rc3 Qa4 42. Qa5 Rc8+ 0-1

[Event "IX Festival Piemonte Scacchi"]
[Site "Torino ITA"]
[Date "2009.09.20"]
[Round "5"]
[White "Fassero, Fabrizio"]
[Black "Blundo, Michele"]
[Result "1/2-1/2"]
[WhiteElo "1635"]
[BlackElo "1810"]
[PlyCount "23"]
[EventDate "2009.09.18"]

1. e4 c5 2. Nc3 e6 3. f4 d6 4. Nf3 Nc6 5. g3 Nf6 6. Bg2 Be7 7. O-O O-O 8. d3 a6
9. Be3 Bd7 10. h3 Qc7 11. Qe1 Rac8 12. Qf2 1/2-1/2

[Event "IX Festival Piemonte Scacchi"]
[Site "Torino ITA"]
[Date "2009.09.20"]
[Round "5"]
[White "Femia, Nicola"]
[Black "Quirico, Paolo"]
[Result "0-1"]
[WhiteElo "1840"]
[BlackElo "2095"]
[PlyCount "66"]
[EventDate "2009.09.18"]

1. d4 Nf6 2. c4 e5 3. d5 Bc5 4. e3 d6 5. Nc3 O-O 6. Be2 Ne8 7. Nf3 f5 8. O-O a5
9. b3 Nf6 10. Bb2 Bd7 11. h3 Na6 12. a3 Qe7 13. Ne1 c6 14. Rc1 Nc7 15. dxc6
bxc6 16. Na4 Ba7 17. Nd3 e4 18. Ne1 Ne6 19. b4 axb4 20. axb4 f4 21. exf4 Nxf4
22. c5 d5 23. Bxf6 Rxf6 24. Bg4 Bxg4 25. hxg4 Raf8 26. Nc3 Rh6 27. g3 Nh3+ 28.
Kg2 Bb8 29. Nc2 Qf6 30. Nd4 Qxf2+ 31. Rxf2 Rxf2+ 32. Kh1 Nf4+ 33. Kg1 Rg2+ 0-1

[Event "IX Festival Piemonte Scacchi"]
[Site "Torino ITA"]
[Date "2009.09.20"]
[Round "5"]
[White "Finocchiaro, Gianluca"]
[Black "Ghisio, Paolo"]
[Result "1-0"]
[WhiteElo "2088"]
[BlackElo "1288"]
[PlyCount "37"]
[EventDate "2009.09.18"]

1. Nf3 d6 2. c4 Bf5 3. d4 Nc6 4. Nc3 Nf6 5. d5 Nb4 6. Qa4+ Qd7 7. Qxb4 c6 8.
Bg5 Ne4 9. Nxe4 Bxe4 10. O-O-O cxd5 11. e3 dxc4 12. Bxc4 e6 13. Bb5 Bc6 14.
Bxc6 Qxc6+ 15. Kb1 Rc8 16. Rc1 Qd7 17. Rxc8+ Qxc8 18. Rc1 Qd7 19. Qc4 1-0

[Event "IX Festival Piemonte Scacchi"]
[Site "Torino ITA"]
[Date "2009.09.20"]
[Round "5"]
[White "Grattarola, Fabio"]
[Black "Ranieri, Fabrizio"]
[Result "0-1"]
[WhiteElo "2081"]
[BlackElo "2264"]
[PlyCount "80"]
[EventDate "2009.09.18"]

1. d4 e6 2. Nf3 d5 3. Bf4 c5 4. c3 Qb6 5. Qb3 Qxb3 6. axb3 cxd4 7. Nxd4 Nc6 8.
Nb5 Kd8 9. Bc7+ Kd7 10. Bg3 e5 11. e4 dxe4 12. Bc4 f5 13. O-O Nf6 14. Rd1+ Ke7
15. Nc7 Rb8 16. Bh4 b5 17. Bxb5 Rxb5 18. Nxb5 a5 19. Nc7 Kf7 20. Bxf6 gxf6 21.
Na3 f4 22. Nc4 e3 23. fxe3 fxe3 24. Nd6+ Kg6 25. Nxc8 e2 26. Re1 Bc5+ 27. Kh1
Rxc8 28. Nb5 Rb8 29. Na3 Bxa3 30. Rxa3 Rd8 31. Raa1 Rd2 32. Rab1 e4 33. g3 Ne5
34. Kg2 Nd3 35. b4 a4 36. b5 Nxe1+ 37. Rxe1 Rxb2 38. Kf2 a3 39. Ra1 a2 40. Ke3
Rb1 0-1

[Event "IX Festival Piemonte Scacchi"]
[Site "Torino ITA"]
[Date "2009.09.20"]
[Round "5"]
[White "Iacomussi, Mario"]
[Black "De Renzi, Giuseppe"]
[Result "1-0"]
[WhiteElo "1772"]
[BlackElo "1491"]
[PlyCount "71"]
[EventDate "2009.09.18"]

1. d4 Nf6 2. c4 g6 3. Nc3 Bg7 4. f3 b6 5. e4 d6 6. Be3 Bb7 7. Qd2 c5 8. Nge2
Nc6 9. d5 Ne5 10. Ng3 Qc7 11. Be2 O-O-O 12. a4 Ba6 13. Nb5 Bxb5 14. axb5 Kb7
15. O-O Ra8 16. Ra6 Nfd7 17. f4 Nb8 18. fxe5 Nxa6 19. bxa6+ Kxa6 20. Rxf7 Bxe5
21. b4 Raf8 22. Qa2+ Kb7 23. Rxf8 Rxf8 24. bxc5 dxc5 25. Nf1 Qd6 26. Qc2 Qf6
27. Qa4 Bd4 28. Bf3 Bxe3+ 29. Nxe3 Rc8 30. e5 Qxe5 31. Qd7+ Kb8 32. Kf2 Rf8 33.
d6 Qb2+ 34. Kg1 Rxf3 35. Qc7+ Ka8 36. Qc8# 1-0

[Event "IX Festival Piemonte Scacchi"]
[Site "Torino ITA"]
[Date "2009.09.20"]
[Round "5"]
[White "Martin, Tiziano"]
[Black "Malano, Francesco"]
[Result "1/2-1/2"]
[WhiteElo "1967"]
[BlackElo "1894"]
[PlyCount "28"]
[EventDate "2009.09.18"]

1. d4 c5 2. e3 Nf6 3. Nf3 d5 4. c3 e6 5. Bd3 Nbd7 6. Nbd2 Bd6 7. O-O O-O 8. Re1
Re8 9. e4 dxe4 10. Nxe4 Nxe4 11. Bxe4 h6 12. Bc2 Nf6 13. Be3 Qc7 14. dxc5 Bxc5
1/2-1/2

[Event "IX Festival Piemonte Scacchi"]
[Site "Torino ITA"]
[Date "2009.09.20"]
[Round "5"]
[White "Medaglia, Enzo"]
[Black "Loccisano, Giuseppe"]
[Result "1/2-1/2"]
[WhiteElo "1733"]
[BlackElo "1803"]
[PlyCount "70"]
[EventDate "2009.09.18"]

1. e4 e6 2. d4 d5 3. e5 c5 4. c3 Nc6 5. Be3 Qb6 6. b3 cxd4 7. cxd4 Nge7 8. Bd3
Nf5 9. Bxf5 exf5 10. Ne2 Bb4+ 11. Nbc3 Be6 12. O-O O-O 13. Na4 Qd8 14. f4 Rc8
15. a3 Be7 16. b4 Nb8 17. Qd3 b6 18. h3 Qd7 19. Nb2 Rc7 20. g4 f6 21. g5 fxg5
22. fxg5 f4 23. Bxf4 Bxh3 24. e6 Qxe6 25. Bxc7 Bxf1 26. Rxf1 Qg4+ 27. Ng3 Nc6
28. Rxf8+ Bxf8 29. Be5 Qxg5 30. Qe2 Nxe5 31. Qxe5 Qc1+ 32. Nf1 Qxb2 33. Ne3 h6
34. Qxd5+ Kh7 35. Qf5+ Kg8 1/2-1/2

[Event "IX Festival Piemonte Scacchi"]
[Site "Torino ITA"]
[Date "2009.09.20"]
[Round "5"]
[White "Moncelli, Giorgio"]
[Black "Manni, Stefano"]
[Result "1/2-1/2"]
[WhiteElo "2071"]
[BlackElo "1980"]
[PlyCount "34"]
[EventDate "2009.09.18"]

1. d4 d5 2. c4 dxc4 3. e3 e5 4. Bxc4 exd4 5. exd4 Nf6 6. Nf3 Bd6 7. O-O O-O 8.
Nc3 Nc6 9. h3 h6 10. Be3 Na5 11. Be2 Be6 12. Qa4 Nc6 13. Rad1 Nb4 14. Ne5 Qe8
15. Qxe8 Rfxe8 16. Nc4 Bxc4 17. Bxc4 c6 1/2-1/2

[Event "IX Festival Piemonte Scacchi"]
[Site "Torino ITA"]
[Date "2009.09.20"]
[Round "5"]
[White "Porzio, Franco"]
[Black "Flego, Dario"]
[Result "1/2-1/2"]
[WhiteElo "1749"]
[BlackElo "1595"]
[PlyCount "121"]
[EventDate "2009.09.18"]

1. e4 d5 2. exd5 Qxd5 3. Nc3 Qa5 4. d4 Nf6 5. Nf3 c6 6. Bd2 Qc7 7. Bc4 Bf5 8.
O-O e6 9. Ne5 Bd6 10. f4 Nbd7 11. Qf3 Be7 12. Rae1 Nxe5 13. fxe5 Nd7 14. d5
Nxe5 15. Qg3 Bd6 16. Bf4 Nxc4 17. Bxd6 Nxd6 18. Rxf5 Qb6+ 19. Rf2 O-O-O 20.
dxe6 fxe6 21. Kh1 Nf5 22. Qf3 Rhe8 23. Rff1 Qxb2 24. Rf2 Qb6 25. Rb1 Qd4 26.
Ne2 Qd5 27. Qa3 a6 28. Nf4 Qd1+ 29. Rf1 Qxc2 30. Qb4 Rd7 31. Rfc1 Qd2 32. Rxc6+
Kb8 33. Qxd2 Rxd2 34. Rxa6 Rd1+ 35. Rxd1 bxa6 36. g3 e5 37. Rb1+ Kc7 38. Nd3 e4
39. Nf4 e3 40. Ne2 Kc6 41. Kg2 Kc5 42. Rb3 Nd4 43. Rb2 Nxe2 44. Rxe2 Kd4 45.
Kf1 Rf8+ 46. Ke1 Kd3 47. Rb2 Rc8 48. Rb3+ Ke4 49. Rb4+ Kd3 50. Rb3+ Rc3 51. Rb1
Rc2 52. Rb3+ Ke4 53. Rb4+ Kf3 54. Rf4+ Kg2 55. Ra4 Kxh2 56. Rxa6 Kxg3 57. Ra7
Kf3 58. Rf7+ Ke4 59. Re7+ Kf5 60. Rxg7 Rxa2 61. Rxh7 1/2-1/2

[Event "IX Festival Piemonte Scacchi"]
[Site "Torino ITA"]
[Date "2009.09.20"]
[Round "5"]
[White "Ravazzolo, Gaia"]
[Black "Faraoni, Enrico"]
[Result "0-1"]
[WhiteElo "1675"]
[BlackElo "2088"]
[PlyCount "78"]
[EventDate "2009.09.18"]

1. d4 h6 2. Nf3 g5 3. c4 Bg7 4. e3 d6 5. Nc3 Bg4 6. Be2 Nc6 7. d5 Bxf3 8. Bxf3
Ne5 9. Be2 Ng6 10. Qa4+ Kf8 11. Qc2 Nf6 12. b3 Rc8 13. Bb2 c6 14. dxc6 bxc6 15.
Ne4 Nxe4 16. Bxg7+ Kxg7 17. Qxe4 Qa5+ 18. Kf1 d5 19. Qc2 Rhd8 20. a3 dxc4 21.
b4 Qe5 22. Rc1 Rd6 23. Bf3 Rcd8 24. Qxc4 Qb2 25. Qc3+ Qxc3 26. Rxc3 Rd1+ 27.
Bxd1 Rxd1+ 28. Ke2 Rxh1 29. Rxc6 a5 30. bxa5 Rxh2 31. a6 Rh4 32. f4 gxf4 33. e4
Rh5 34. a7 Ra5 35. Rc7 Rxa3 36. Kd2 h5 37. Kc2 h4 38. Kb2 Ra6 39. Kb3 f3 0-1

[Event "IX Festival Piemonte Scacchi"]
[Site "Torino ITA"]
[Date "2009.09.20"]
[Round "5"]
[White "Sotgia, Cosimo"]
[Black "Davter, Mauro"]
[Result "1-0"]
[WhiteElo "1872"]
[BlackElo "1611"]
[PlyCount "69"]
[EventDate "2009.09.18"]

1. e4 c5 2. c3 d5 3. exd5 Qxd5 4. d4 Nf6 5. Nf3 Nc6 6. Be2 e6 7. Na3 cxd4 8.
Nb5 Qd8 9. Nbxd4 Nxd4 10. Nxd4 e5 11. Nf3 Qxd1+ 12. Bxd1 Bd6 13. O-O O-O 14.
Bb3 h6 15. Re1 Re8 16. h3 Bd7 17. Be3 Bc6 18. Nd2 Rad8 19. Bxa7 Bc7 20. Nc4 Bd5
21. Be3 b5 22. Nd2 Bc6 23. Rad1 Nd5 24. Nf1 Nxe3 25. Nxe3 Rxd1 26. Rxd1 Rd8 27.
Rxd8+ Bxd8 28. Nf5 Kf8 29. f3 Bg5 30. Bc2 f6 31. Ng3 f5 32. Ne2 Bf6 33. Kf2 Ke7
34. g4 Bd5 35. gxf5 1-0

[Event "IX Festival Piemonte Scacchi"]
[Site "Torino ITA"]
[Date "2009.09.20"]
[Round "5"]
[White "Spina, Pierluca"]
[Black "Rombaldoni, Brian"]
[Result "0-1"]
[WhiteElo "1700"]
[BlackElo "1869"]
[PlyCount "46"]
[EventDate "2009.09.18"]

1. e4 c6 2. d4 d5 3. Nc3 dxe4 4. Nxe4 Nd7 5. Nf3 Ngf6 6. Ng3 c5 7. dxc5 e6 8.
Bg5 Bxc5 9. Bc4 Qb6 10. O-O Qxb2 11. Rb1 Qa3 12. Bxf6 Nxf6 13. Bb5+ Bd7 14.
Bxd7+ Nxd7 15. Rxb7 Rd8 16. Qe2 O-O 17. Qb5 Nf6 18. Ne5 Rd5 19. Qe2 Qxa2 20.
Rd1 Bb6 21. Nc6 Rxd1+ 22. Qxd1 Qa6 23. Qf3 Qxb7 0-1

[Event "IX Festival Piemonte Scacchi"]
[Site "Torino ITA"]
[Date "2009.09.20"]
[Round "5"]
[White "Topczewski, Damian"]
[Black "Gussone, Claudio"]
[Result "1-0"]
[WhiteElo "2126"]
[BlackElo "1809"]
[PlyCount "35"]
[EventDate "2009.09.18"]

1. e4 d6 2. c3 Nf6 3. Nf3 e5 4. g3 Bg4 5. Bg2 Nbd7 6. d3 c6 7. Nbd2 h5 8. h3
Bxf3 9. Nxf3 d5 10. Qc2 dxe4 11. dxe4 Be7 12. Be3 Bc5 13. Bxc5 Nxc5 14. Nxe5
Qc7 15. Nc4 O-O-O 16. O-O Rhe8 17. e5 Nfd7 18. Nd6+ 1-0

[Event "IX Festival Piemonte Scacchi"]
[Site "Torino ITA"]
[Date "2009.09.20"]
[Round "5"]
[White "Xia, Jie"]
[Black "Giacomasso, Enrico"]
[Result "1-0"]
[WhiteElo "2241"]
[BlackElo "2012"]
[PlyCount "53"]
[EventDate "2009.09.18"]

1. e4 d5 2. d4 e6 3. e5 c5 4. c3 Nc6 5. Nf3 cxd4 6. cxd4 Bb4+ 7. Nc3 f5 8. Be2
Nge7 9. O-O Bxc3 10. bxc3 O-O 11. c4 b6 12. Ba3 Re8 13. Bd6 Na5 14. c5 Bd7 15.
Ba6 Nc8 16. Re1 Bc6 17. Rc1 b5 18. Rb1 Qd7 19. Qd2 Nc4 20. Qb4 N8xd6 21. exd6
Rab8 22. a4 h6 23. axb5 Ba8 24. Qc3 Qd8 25. Ne5 Qg5 26. d7 Red8 27. c6 1-0

[Event "VII Memorial Alvise Zichichi"]
[Site "Ladispoli ITA"]
[Date "2009.09.19"]
[Round "1"]
[White "Arabito, Giuseppe"]
[Black "Messina, Salvatore"]
[Result "1/2-1/2"]
[WhiteElo "1904"]
[BlackElo "1524"]
[PlyCount "63"]
[EventDate "2009.09.19"]

1. e4 c5 2. Nf3 d6 3. d4 cxd4 4. c3 Nc6 5. cxd4 e6 6. Nc3 Nf6 7. Be2 Be7 8. O-O
O-O 9. h3 Qd7 10. Bf4 d5 11. e5 Ne4 12. Bd3 f5 13. exf6 Bxf6 14. Be3 Nxc3 15.
bxc3 Qd6 16. Qd2 e5 17. dxe5 Nxe5 18. Nxe5 Bxe5 19. f4 Bf6 20. Bd4 b6 21. a4
Bxd4+ 22. cxd4 Bf5 23. Bxf5 Rxf5 24. g3 Raf8 25. Kg2 Qf6 26. Qd3 Qd6 27. h4 Qg6
28. Kh2 Qg4 29. Qf3 Qg6 30. Rfe1 h6 31. Qe3 Kh8 32. Rac1 1/2-1/2

[Event "VII Memorial Alvise Zichichi"]
[Site "Ladispoli ITA"]
[Date "2009.09.19"]
[Round "1"]
[White "Caprio, Guido"]
[Black "Cavaterra, Umberto"]
[Result "1-0"]
[WhiteElo "2184"]
[BlackElo "1801"]
[PlyCount "73"]
[EventDate "2009.09.19"]

1. d4 c5 2. d5 d6 3. e4 Nf6 4. Nc3 g6 5. Nf3 Bg7 6. Bc4 a6 7. a4 O-O 8. O-O
Nbd7 9. Rb1 Ne8 10. Qe2 Nb6 11. Bd3 Nd7 12. Bg5 Ne5 13. Nxe5 dxe5 14. b4 cxb4
15. Rxb4 Nd6 16. Nb1 h6 17. Be3 f5 18. c4 fxe4 19. Bc2 Nf5 20. Bxe4 Nxe3 21.
Qxe3 Qa5 22. Qb3 Kh7 23. Nd2 Rb8 24. Rb1 Qc5 25. Qe3 Qxe3 26. fxe3 h5 27. c5
Bh6 28. Nc4 Bg4 29. h3 Bf5 30. Bxf5 Rxf5 31. Rxb7 Rxb7 32. Rxb7 Bg7 33. Rxe7 e4
34. c6 Rxd5 35. Rxg7+ Kxg7 36. c7 Rc5 37. Nd6 1-0

[Event "VII Memorial Alvise Zichichi"]
[Site "Ladispoli ITA"]
[Date "2009.09.19"]
[Round "1"]
[White "Carnicelli, Valerio"]
[Black "Palermo, Stefano"]
[Result "0-1"]
[WhiteElo "1751"]
[BlackElo "2060"]
[PlyCount "62"]
[EventDate "2009.09.19"]

1. e4 c5 2. Nf3 d6 3. d4 cxd4 4. Nxd4 Nf6 5. Nc3 a6 6. f3 e5 7. Nb3 Be6 8. Be3
Nbd7 9. Qd2 b5 10. O-O-O Be7 11. g4 Nb6 12. Qf2 Nfd7 13. g5 b4 14. Ne2 Nc4 15.
h4 a5 16. Kb1 a4 17. Nbc1 Qb8 18. Ng3 Na3+ 19. Ka1 b3 20. Bd3 bxc2 21. Bxc2
Nxc2+ 22. Qxc2 Bb3 23. Qc6 Bxd1 24. Rxd1 g6 25. h5 Qc8 26. Qd5 a3 27. Nb3 axb2+
28. Kxb2 Qa6 29. Nd2 Qa3+ 30. Kb1 Ra5 31. Qb3 O-O 0-1

[Event "VII Memorial Alvise Zichichi"]
[Site "Ladispoli ITA"]
[Date "2009.09.19"]
[Round "1"]
[White "Gerlando, Onofrio"]
[Black "Renzi, Marco"]
[Result "0-1"]
[WhiteElo "1627"]
[BlackElo "1994"]
[PlyCount "144"]
[EventDate "2009.09.19"]

1. d4 d5 2. Nf3 Nf6 3. h3 Bf5 4. Bf4 e6 5. Nbd2 Bd6 6. Be5 Bxe5 7. Nxe5 Nbd7 8.
Nxd7 Qxd7 9. e3 O-O 10. Be2 b6 11. O-O c5 12. c3 h6 13. a4 a6 14. Qb3 Rfb8 15.
Qd1 c4 16. b4 cxb3 17. Qxb3 Qc6 18. Rfc1 g5 19. c4 dxc4 20. Rxc4 Qd7 21. Bf3
Ra7 22. g4 Bg6 23. Rac1 Kg7 24. Rc6 b5 25. Qb4 a5 26. Qb3 b4 27. Nc4 Be4 28.
Bxe4 Nxe4 29. Ne5 Qb7 30. R1c2 Nc3 31. f3 Raa8 32. e4 Qe7 33. R2xc3 bxc3 34.
Qxc3 Rb7 35. Rc5 Qd6 36. Kg2 Qb6 37. Rb5 Qc7 38. Rc5 Qb6 39. Rb5 Rc7 40. Qb2
Qd6 41. d5 f6 42. Nc6 exd5 43. exd5 Qf4 44. Nd4 Re8 45. Ne6+ Rxe6 46. dxe6 Qxa4
47. Rb7 Qc6 48. Rxc7+ Qxc7 49. Qd2 Kf8 50. Qa2 Ke7 51. Qb3 Qa7 52. Qa2 a4 53.
Kh2 a3 54. Kg2 Qa5 55. Kh1 Qc5 56. Kg2 Qb4 57. Qd5 Qd6 58. Qa2 Qc5 59. Qb3 Qc1
60. Qd5 Qc2+ 61. Kg3 Qc7+ 62. Kg2 Qa7 63. Qa2 Kd6 64. Kh1 Qe3 65. Kg2 Qc3 66.
Kg1 Qc1+ 67. Kg2 Qb2+ 68. Qxb2 axb2 69. Kg3 b1=Q 70. h4 Qg1+ 71. Kh3 gxh4 72.
Kxh4 Qh2# 0-1

[Event "VII Memorial Alvise Zichichi"]
[Site "Ladispoli ITA"]
[Date "2009.09.19"]
[Round "1"]
[White "Giuliano, Alberto"]
[Black "Guanciale, Orazio"]
[Result "1-0"]
[WhiteElo "1786"]
[BlackElo "2155"]
[PlyCount "39"]
[EventDate "2009.09.19"]

1. d4 d6 2. g3 g6 3. Bg2 Bg7 4. Nf3 f5 5. c4 Nf6 6. Nc3 O-O 7. O-O Qe8 8. d5
Na6 9. Rb1 c5 10. dxc6 bxc6 11. Nd4 Bd7 12. b4 Rc8 13. b5 cxb5 14. cxb5 Rxc3
15. bxa6 Ne4 16. Rb7 Rxc1 17. Qxc1 Nc5 18. Qc4+ Qf7 19. Bd5 e6 20. Nxe6 1-0

[Event "VII Memorial Alvise Zichichi"]
[Site "Ladispoli ITA"]
[Date "2009.09.19"]
[Round "1"]
[White "Iacoacci, Giancarlo"]
[Black "Quimi, Marco"]
[Result "0-1"]
[WhiteElo "1820"]
[BlackElo "2227"]
[PlyCount "120"]
[EventDate "2009.09.19"]

1. d4 Nf6 2. Nf3 d5 3. Bf4 Bf5 4. e3 e6 5. h3 h6 6. Bd3 c6 7. O-O Nbd7 8. c4
Ne4 9. Bxe4 dxe4 10. Nfd2 Nf6 11. Nc3 Bb4 12. Be5 O-O 13. Bxf6 Qxf6 14. Ncxe4
Qg6 15. Ng3 Bd3 16. Re1 Rfd8 17. a3 Bxd2 18. Qxd2 Bxc4 19. Qb4 Ba6 20. Rac1 Rd5
21. Rc5 Rad8 22. Rec1 h5 23. Rxd5 Rxd5 24. Qe7 Kh7 25. Qh4 Qg5 26. Qxg5 Rxg5
27. Ne4 Rb5 28. b4 Rb6 29. Nc5 h4 30. f3 Bb5 31. Kf2 g5 32. g3 hxg3+ 33. Kxg3
Kg6 34. Kf2 Kh5 35. Kg3 Be2 36. Kf2 Bb5 37. Kg3 Be2 38. Kf2 Bb5 39. Kg3 Kg6 40.
a4 Bxa4 41. Nxa4 Rxb4 42. Nc5 a5 43. Ra1 b6 44. Nd3 Rb3 45. Ne5+ Kh5 46. e4 f5
47. exf5 exf5 48. Nxc6 f4+ 49. Kg2 Rb2+ 50. Kg1 Kh4 51. Ne5 Kg3 52. Rd1 a4 53.
d5 a3 54. Nc4 Rb3 55. Nd2 Rb2 56. Nc4 Rg2+ 57. Kf1 a2 58. d6 Kh2 59. Ne5 Rg1+
60. Ke2 Rxd1 0-1

[Event "VII Memorial Alvise Zichichi"]
[Site "Ladispoli ITA"]
[Date "2009.09.19"]
[Round "1"]
[White "Marta, Daniele"]
[Black "Musmarra, Giovanni"]
[Result "1-0"]
[WhiteElo "2056"]
[BlackElo "1738"]
[PlyCount "83"]
[EventDate "2009.09.19"]

1. d4 d5 2. c4 e6 3. Nc3 Nf6 4. Bg5 Be7 5. e3 O-O 6. Nf3 Nbd7 7. Bd3 c6 8. O-O
dxc4 9. Bxc4 Nd5 10. Bxe7 Qxe7 11. Rc1 Nxc3 12. Rxc3 e5 13. dxe5 Nxe5 14. Nxe5
Qxe5 15. f4 Qe4 16. Qd3 Bf5 17. Rd1 Rfe8 18. Qxe4 Bxe4 19. Rd7 Bg6 20. Rxb7
Rab8 21. Rxb8 Rxb8 22. Bb3 Be4 23. Bc2 f5 24. b3 Rd8 25. Bxe4 fxe4 26. Rxc6
Rd1+ 27. Kf2 Rd2+ 28. Kg3 Rxa2 29. Rc4 Ra3 30. Rxe4 Rxb3 31. Kf3 a5 32. Re7 a4
33. Ra7 a3 34. g4 h6 35. h4 Kh7 36. f5 h5 37. g5 Rb4 38. f6 Kg8 39. Rxg7+ Kf8
40. Ra7 Rxh4 41. g6 Rg4 42. Ra8# 1-0

[Event "VII Memorial Alvise Zichichi"]
[Site "Ladispoli ITA"]
[Date "2009.09.19"]
[Round "1"]
[White "Masciolini, Giovanni"]
[Black "Luzi, Alessandro"]
[Result "1/2-1/2"]
[WhiteElo "1583"]
[BlackElo "1917"]
[PlyCount "20"]
[EventDate "2009.09.19"]

1. c4 Nf6 2. Nc3 g6 3. Nf3 Bg7 4. g3 O-O 5. Bg2 d6 6. O-O e5 7. d3 Nbd7 8. Rb1
Nc5 9. Nd2 c6 10. b4 Ne6 1/2-1/2

[Event "VII Memorial Alvise Zichichi"]
[Site "Ladispoli ITA"]
[Date "2009.09.19"]
[Round "1"]
[White "Mosconi, Tiziano"]
[Black "Gasperoni, Claudio"]
[Result "0-1"]
[WhiteElo "2118"]
[BlackElo "1770"]
[PlyCount "115"]
[EventDate "2009.09.19"]

1. e4 e5 2. Nf3 Nc6 3. Bb5 a6 4. Bxc6 dxc6 5. O-O Ne7 6. d4 exd4 7. Nxd4 Bd7 8.
Bg5 f6 9. Be3 Ng6 10. Nc3 Qe7 11. Qe2 O-O-O 12. Rab1 Ne5 13. f3 g5 14. b4 Qf7
15. Rfd1 Qc4 16. Qxc4 Nxc4 17. Bf2 Bd6 18. Nce2 h5 19. c3 g4 20. f4 h4 21. Nb3
Rde8 22. Rd4 Na3 23. Rbd1 Nb5 24. R4d2 Rxe4 25. a4 Rxe2 26. axb5 Rxd2 27. Rxd2
cxb5 28. g3 hxg3 29. Bxg3 Bc6 30. Nd4 Be4 31. Kf2 f5 32. Ne6 Re8 33. Ng5 b6 34.
Nf7 Bf8 35. Bh4 Bg7 36. Ne5 a5 37. bxa5 bxa5 38. Bg3 Bxe5 39. fxe5 Rd8 40. Ke3
a4 41. Rxd8+ Kxd8 42. Kd2 Kd7 43. c4 b4 44. Bf2 Ke6 45. Bc5 b3 46. Kc3 f4 47.
Ba3 f3 48. Kd2 Kxe5 49. Ke3 Bc2 50. Bb2+ Kf5 51. Ba3 Bd1 52. Bb2 Be2 53. Ba3
Bxc4 54. Bb2 c5 55. Ba3 Be2 56. Bc1 c4 57. Bb2 a3 58. Bxa3 0-1